| 000 | 00000nam##2200000za#4500 |
| 001 | 9.526161 |
| 003 | CaOODSP |
| 005 | 20200331224357 |
| 007 | ta |
| 008 | 150406|1995||||xxc||||| f|0| 0 fre|d |
| 022 | |a0706-6457 |
| 040 | |aCaOODSP|bfre |
| 041 | |aeng |
| 041 | |afre |
| 043 | |an-cn--- |
| 086 | 1 |aFs97-6/2050 |
| 110 | 1 |aCanada. |bMinistère des pêches et des océans. |
| 245 | 10|aComptes rendus du 21eme atelier annuel sur la toxicité aquatique : |bdu 3 au 5 octobre 1994, Sarnia, Ontario / |cPréparé sous la direction de G. F. Westlake et al. |
| 260 | |aOttawa - Ontario : |bPêches et Océans Canada |c1995. |
| 300 | |axvii, 179p. : |bfigures, graphiques, références, tableaux ; |c28 cm. |
| 490 | 1 |aRapport technique canadien des sciences halieutiques et aquatiques|x0706-6457|v2050 |
| 546 | |aAbstracts in English.) Texte de présentation bilingue, texte en français et en anglais |
| 563 | |aCouverture souple |
| 590 | |a95-30|b1995-07-28 |
| 720 | 1 |aWestlake, G. F. |
| 776 | 0#|tProceedings of the 21st Annual Aquatic Toxicity Workshop - October 3-5, 1994, Sarnia, Ontario / |w(CaOODSP)9.589921 |
| 791 | |tProceedings of the 21st annual Aquatic Toxicity Workshop : |eeng|w(CaOODSP)9.526160 |
| 830 | #0|aRapport technique canadien des sciences halieutiques et aquatiques,|x0706-6457|v2050|w(CaOODSP)9.514690 |